Квадратичные инволюции плоскости как базовый метод получения кривых в системах автоматизированного конструирования; Известия Томского политехнического университета [Известия ТПУ]; Т. 310, № 1

Xehetasun bibliografikoak
Parent link:Известия Томского политехнического университета [Известия ТПУ]/ Томский политехнический университет (ТПУ).— , 2000-
Т. 310, № 1.— 2007.— [С. 51-55]
Egile nagusia: Боровиков И. Ф. Иван Фёдорович
Beste egile batzuk: Фисоченко Е. Г.
Gaia:Заглавие с титульного листа
Электронная версия печатной публикации
Предлагается способ задания нецентральных квадратичных инволюций плоскости, основанный на использовании пучков окружностей, выводятся операторы преобразования, приводятся примеры рациональных циркулярных кривых, конструируемых с использованием данного способа.
Hizkuntza:errusiera
Argitaratua: 2007
Saila:Математика и механика. Физика
Gaiak:
Sarrera elektronikoa:http://www.lib.tpu.ru/fulltext/v/Bulletin_TPU/2007/v310/i1/10.pdf
Formatua: MixedMaterials Baliabide elektronikoa Liburu kapitulua
KOHA link:https://koha.lib.tpu.ru/cgi-bin/koha/opac-detail.pl?biblionumber=171953

MARC

LEADER 00000nla2a2200000 4500
001 171953
005 20231031164151.0
035 |a (RuTPU)RU\TPU\book\186426 
035 |a RU\TPU\book\186425 
090 |a 171953 
100 |a 20091209d2007 k y0rusy50 ca 
101 0 |a rus 
102 |a RU 
135 |a drnn ---uucaa 
181 0 |a i  
182 0 |a b 
200 1 |a Квадратичные инволюции плоскости как базовый метод получения кривых в системах автоматизированного конструирования  |b Электронный ресурс  |f И. Ф. Боровиков, Е. Г. Фисоченко 
203 |a Текст  |c электронный 
215 |a 1 файл (962 Кб) 
225 1 |a Математика и механика. Физика 
230 |a Электронные текстовые данные (1 файл : 962 Кб) 
300 |a Заглавие с титульного листа 
300 |a Электронная версия печатной публикации 
320 |a [Библиогр.: с. 55 (2 назв.)] 
330 |a Предлагается способ задания нецентральных квадратичных инволюций плоскости, основанный на использовании пучков окружностей, выводятся операторы преобразования, приводятся примеры рациональных циркулярных кривых, конструируемых с использованием данного способа. 
337 |a Adobe Reader 
461 1 |0 (RuTPU)RU\TPU\book\176237  |t Известия Томского политехнического университета [Известия ТПУ]  |f Томский политехнический университет (ТПУ)  |d 2000- 
463 1 |0 (RuTPU)RU\TPU\book\186414  |x 1684-8519  |t Т. 310, № 1  |v [С. 51-55]  |d 2007  |p 309 с. 
610 1 |a квадратичные инволюции 
610 1 |a плоскости 
610 1 |a базовый метод 
610 1 |a кривые 
610 1 |a автоматизированное конструирование 
610 1 |a системы 
610 1 |a пучки окружностей 
610 1 |a операторы преобразования 
610 1 |a примеры 
610 1 |a циркулярные кривые 
610 1 |a рациональные кривые 
610 1 |a труды учёных ТПУ 
610 1 |a электронный ресурс 
700 1 |a Боровиков  |b И. Ф.  |c доцент, кандидат технических наук  |c Юргинский технологический институт (филиал) Томского политехнического университета  |g Иван Фёдорович  |2 stltpush  |3 (RuTPU)RU\TPU\pers\24531 
701 1 |a Фисоченко  |b Е. Г. 
801 1 |a RU  |b 63413507  |c 20090623  |g PSBO 
801 2 |a RU  |b 63413507  |c 20211115  |g PSBO 
856 4 |u http://www.lib.tpu.ru/fulltext/v/Bulletin_TPU/2007/v310/i1/10.pdf 
942 |c CF